[Event "EU Union-ch U14"]
[Site "Pec pod Snezkou"]
[Date "2022.08.26"]
[Round "5"]
[White "Mueller, Maximilian3333"]
[Black "Arshinkova, Boryana"]
[Result "1-0"]
[WhiteElo "1873"]
[BlackElo "1483"]
[PlyCount "41"]
[EventDate "2022.08.22"]
[EventType "swiss"]
[EventRounds "9"]
[EventCountry "CZE"]
[SourceTitle "EXT 2023"]
[Source "ChessBase"]
[SourceDate "2022.10.05"]
[SourceVersion "1"]
[SourceVersionDate "2022.10.05"]
[SourceQuality "1"]

1. e4 c5 2. Nf3 Nc6 3. Bb5 g6 4. 0-0 Bg7 5. Re1 d6 6. c3 Qb6 7. Bxc6+ bxc6 8. d3 d5 9. Nbd2 a5 10. Qc2 e6 11. Nf1 Ne7 12. e5 0-0 13. Ng3 Ba6 14. Bg5 Nc8 15. Qd2 Qb5 16. Red1 Nb6 17. Bf6 Nd7 18. Nh5 Nxf6 19. exf6 Bxf6 20. Nxf6+ Kg7 21. Ng4 1-0

[Event "EU Union-ch U12"]
[Site "Kouty nad Desnou"]
[Date "2019.08.24"]
[Round "9"]
[White "Arshinkova, Boryana"]
[Black "Kapicakova, Lucia"]
[Result "1-0"]
[WhiteElo "1383"]
[BlackElo "1655"]
[PlyCount "103"]
[EventDate "2019.08.16"]
[EventType "swiss"]
[EventRounds "9"]
[EventCountry "CZE"]
[SourceTitle "EXT 2020"]
[Source "ChessBase"]
[SourceDate "2019.10.17"]
[SourceVersion "1"]
[SourceVersionDate "2019.10.17"]
[SourceQuality "1"]

1. e4 c6 2. d4 d5 3. Nc3 dxe4 4. Nxe4 Nd7 5. Ng5 Ngf6 6. Bd3 e6 7. N1f3 h6 8. Ne4 Nxe4 9. Bxe4 Nf6 10. Qe2 Bd6 11. Bd2 Qc7 12. 0-0-0 a5 13. g4 Nd5 14. Ne5 Bxe5 15. dxe5 Qxe5 16. c4 Ne7 17. f4 Qc7 18. f5 e5 19. Rhf1 f6 20. h4 b6 21. g5 hxg5 22. hxg5 Bb7 23. gxf6 gxf6 24. Be3 Kf7 25. Bf3 Rag8 26. Bh5+ Kf8 27. Rh1 Nxf5 28. Rhf1 Bc8 29. c5 b5 30. Rf2 Ke7 31. Bf3 Be6 32. Be4 Ng3 33. Qc2 Nxe4 34. Qxe4 f5 35. Qc2 f4 36. Bd2 Rg5 37. Be1 Bd5 38. Rh2 Rgh5 39. Rxh5 Rxh5 40. Qg6 Bf7 41. Bh4+ Kf8 42. Qf6 Kg8 43. Rd8+ Qxd8 44. Qxd8+ Kh7 45. Bf6 Kg6 46. Qd6 Rh1+ 47. Kd2 Rh2+ 48. Ke1 Bxa2 49. Bxe5+ Kh7 50. Qe7+ Kg6 51. Qf6+ Kh5 52. Qh8+ 1-0

[Event "EU Union-ch U12"]
[Site "Kouty nad Desnou"]
[Date "2019.08.23"]
[Round "8"]
[White "Prieb, Robert"]
[Black "Arshinkova, Boryana"]
[Result "1-0"]
[WhiteElo "1916"]
[BlackElo "1383"]
[PlyCount "65"]
[EventDate "2019.08.16"]
[EventType "swiss"]
[EventRounds "9"]
[EventCountry "CZE"]
[SourceTitle "EXT 2020"]
[Source "ChessBase"]
[SourceDate "2019.10.17"]
[SourceVersion "1"]
[SourceVersionDate "2019.10.17"]
[SourceQuality "1"]

1. d4 f5 2. g3 Nf6 3. Bg2 g6 4. Nf3 Bg7 5. 0-0 0-0 6. c4 d6 7. Nc3 e6 8. Re1 Nbd7 9. Ng5 Qe7 10. d5 Nb6 11. Nxe6 Bxe6 12. dxe6 c6 13. Qd3 Qxe6 14. b3 Ne4 15. Bb2 Rae8 16. Rad1 Rd8 17. Qc2 Nxc3 18. Bxc3 Bxc3 19. Qxc3 d5 20. cxd5 Nxd5 21. Qa5 a6 22. e4 fxe4 23. Rxe4 Qf6 24. Qe1 Kg7 25. Re6 Qf5 26. Re5 Qc2 27. Bxd5 Rxd5 28. Rexd5 cxd5 29. Rxd5 Qxa2 30. Rd7+ Rf7 31. Qe5+ Kg8 32. Qe8+ Rf8 33. Qe6+ 1-0

[Event "EU Union-ch U12"]
[Site "Kouty nad Desnou"]
[Date "2019.08.17"]
[Round "2"]
[White "Finnerty, Andrew"]
[Black "Arshinkova, Boryana"]
[Result "1-0"]
[WhiteElo "1240"]
[BlackElo "1383"]
[PlyCount "55"]
[EventDate "2019.08.16"]
[EventType "swiss"]
[EventRounds "9"]
[EventCountry "CZE"]
[SourceTitle "EXT 2020"]
[Source "ChessBase"]
[SourceDate "2019.10.17"]
[SourceVersion "1"]
[SourceVersionDate "2019.10.17"]
[SourceQuality "1"]

1. d4 f5 2. c4 Nf6 3. Nf3 g6 4. g3 Bg7 5. Bg2 0-0 6. Nc3 d6 7. 0-0 Nbd7 8. Ng5 Nb6 9. Qb3 c5 10. dxc5 dxc5 11. Rd1 Qc7 12. Bf4 e5 13. Nb5 Qe7 14. Be3 Ng4 15. Nh3 Be6 16. Nd6 Nxe3 17. Qxe3 Nxc4 18. Qxc5 Rac8 19. Qb4 a5 20. Qxb7 Rc7 21. Qa6 Nxb2 22. Rd2 e4 23. Rb1 Bxa2 24. Rbxb2 Bxb2 25. Rxb2 Rd8 26. Nxf5 Qa3 27. Qf6 Rf8 28. Nh6# 1-0

[Event "Sofia MGU op 173rd"]
[Site "Sofia"]
[Date "2016.10.16"]
[Round "6"]
[White "Kostov, Nikolai"]
[Black "Arshinkova, Boryana"]
[Result "1-0"]
[WhiteElo "1690"]
[BlackElo "1279"]
[PlyCount "81"]
[EventDate "2016.10.15"]
[EventType "swiss"]
[EventRounds "6"]
[EventCountry "BUL"]
[SourceTitle "EXT 2017"]
[Source "ChessBase"]
[SourceDate "2016.10.25"]
[SourceVersion "1"]
[SourceVersionDate "2016.10.25"]
[SourceQuality "1"]

1. d4 d5 2. e3 Nf6 3. Bd3 Nc6 4. f4 Bg4 5. Nf3 e6 6. c3 Ne4 7. 0-0 Be7 8. Qe1 Nf6 9. Ne5 Bh5 10. Bb5 Qd6 11. b3 a6 12. Bxc6+ bxc6 13. Ba3 Qd8 14. Nxc6 Qd7 15. Nxe7 Ne4 16. Qc1 Nd6 17. Nd2 Qxe7 18. e4 0-0 19. e5 Qh4 20. exd6 cxd6 21. Nf3 Qf6 22. Bxd6 Rfd8 23. Bc5 Bg6 24. Qd2 Rab8 25. Ne5 Be4 26. Nc6 Rbc8 27. Be7 Qf5 28. Nxd8 f6 29. Nb7 Rc7 30. Nd6 Qg6 31. Nxe4 Rxe7 32. Ng3 Rc7 33. Qe3 Qe8 34. Rae1 Rc6 35. Nf5 Qc8 36. Ne7+ Kf8 37. Nxc8 Rxc8 38. Qxe6 Rd8 39. Qe7+ Kg8 40. Qxd8+ Kf7 41. Qe8# 1-0

[Event "Sofia An Pasan op 10th"]
[Site "Sofia"]
[Date "2015.10.31"]
[Round "3"]
[White "Karov, Aleksandar"]
[Black "Arshinkova, Boryana"]
[Result "1-0"]
[WhiteElo "1086"]
[BlackElo "1404"]
[PlyCount "65"]
[EventDate "2015.10.31"]
[EventType "swiss"]
[EventRounds "6"]
[EventCountry "BUL"]
[SourceTitle "CBM 169 Extra"]
[Source "ChessBase"]
[SourceDate "2015.12.18"]
[SourceVersion "1"]
[SourceVersionDate "2015.12.18"]
[SourceQuality "1"]

1. e4 e5 2. Nf3 Nc6 3. Nc3 Bc5 4. Nxe5 Nxe5 5. d4 Bd6 6. dxe5 Bxe5 7. g3 Nf6 8. Bg2 d6 9. Bg5 h6 10. Be3 Bg4 11. Qd2 0-0 12. Bxh6 gxh6 13. Qxh6 Bxc3+ 14. bxc3 Re8 15. Qg5+ Kh8 16. Qf4 d5 17. f3 Bd7 18. 0-0 Ba4 19. e5 Nd7 20. Rfe1 Bxc2 21. Qd4 Kg8 22. Qg4+ Kf8 23. e6 fxe6 24. Rxe6 Rxe6 25. Qxe6 Bd3 26. Rd1 Bc4 27. Qf5+ Kg8 28. Bh3 Bb5 29. Qxd5+ Kh8 30. Qxb5 c6 31. Qb3 Qb6+ 32. Kg2 Ne5 33. Qe6 1-0